| 000 | 00600nam a22002057a 4500 | ||
|---|---|---|---|
| 003 | OSt | ||
| 005 | 20140310182218.0 | ||
| 008 | 130909t xxu||||| |||| 00| 0 eng d | ||
| 050 |
_aPR 1175 _b.P739 1940 |
||
| 082 |
_aHS 821.008 _bP75 1940 |
||
| 245 |
_aThe Pocket book of verse / _cedited and with introd. by M.E. Speare. |
||
| 260 |
_aNew York : _bWashington Square Press, _cc1940. |
||
| 300 |
_axxi,393 p. : _c16 cm. |
||
| 500 | _aincludes general index. | ||
| 541 | _j1 | ||
| 562 | _e1 | ||
| 650 |
_aEnglish poetry _91677 |
||
| 650 |
_aAmerican poetry _91688 |
||
| 942 |
_2lcc _cHS |
||
| 999 |
_c10646 _d10646 |
||